NUEVAS CARTAS PORTUGUESAS (Registro nro. 68579)

Detalles MARC
000 -CABECERA
campo de control de longitud fija 00844nam a22002057a 4500
008 - DATOS DE LONGITUD FIJA--INFORMACIÓN GENERAL
campo de control de longitud fija 260513b mx ||||| |||| 00| 0 spa d
020 ## - NÚMERO INTERNACIONAL ESTÁNDAR DEL LIBRO
Número Internacional Estándar del Libro 84-253-0607-8 (ISBN)
040 ## - FUENTE DE LA CATALOGACIÓN
Lengua de catalogación spa
082 04 - NÚMERO DE LA CLASIFICACIÓN DECIMAL DEWEY
Número de edición 869.6 / B42
100 ## - ENTRADA PRINCIPAL--NOMBRE DE PERSONA
Nombre de persona LAS TRES MARIAS (Maria Velho da Costa, Maria Isabel Barreno y Maria Teresa Horta)
245 ## - MENCIÓN DE TÍTULO
Título NUEVAS CARTAS PORTUGUESAS
260 ## - PUBLICACIÓN, DISTRIBUCIÓN, ETC.
Lugar de publicación, distribución, etc. ESPAÑA
Nombre del editor, distribuidor, etc. FUTURA Y MARÍA ISABEL BARRENO, MARÍA TERESA HORTA, MARÍA VELHO DA COSTA
Fecha de publicación, distribución, etc. 1974
300 ## - DESCRIPCIÓN FÍSICA
Extensión 377 Páginas
Otras características físicas 19cm X 12cm
336 ## - TIPO DE CONTENIDO
Fuente rdacontent
Término de tipo de contenido texto
Código de tipo de contenido txt
337 ## - TIPO DE MEDIO
Fuente rdamedia
Nombre/término del tipo de medio sin mediación
Código del tipo de medio n
338 ## - TIPO DE SOPORTE
Fuente rdacarrier
Nombre/término del tipo de soporte volumen
Código del tipo de soporte nc
505 ## - NOTA DE CONTENIDO CON FORMATO
Nota de contenido con formato UNA OBRA SIMBÓLICA DEL LIBRO MÁS DISCUTIDO Y APASIONADO DE ESTOS ÚLTIMOS AÑOS, UNA DENUNCIA IMPLACABLE DE LA MÍSTICA FEMENINA DEL SIGLO XX.
700 ## - PUNTO DE ACCESO ADICIONAL--NOMBRE DE PERSONA
Nombre de persona EDUARDO BUTRAGUEÑO
Numeración TRADUCTOR
942 ## - ELEMENTOS DE PUNTO DE ACCESO ADICIONAL (KOHA)
Fuente del sistema de clasificación o colocación Dewey Decimal Classification
Tipo de ítem Koha Consulta Jóvenes y Adultos
Existencias
Estado de retiro Estado de pérdida Fuente del sistema de clasificación o colocación Estado dañado No para préstamo Localización permanente Ubicación/localización actual Fecha de adquisición Total de préstamos Signatura topográfica completa Fecha visto por última vez Precio válido a partir de Tipo de ítem Koha
    Dewey Decimal Classification     BIBLIOTECA PÚBLICA CENTRAL ESTATAL “FRANCISCO CERVANTES” BIBLIOTECA PÚBLICA CENTRAL ESTATAL “FRANCISCO CERVANTES” 05/13/2026   869.6 / B42 05/13/2026 05/13/2026 Consulta Jóvenes y Adultos